| 000 | 00798cam a22002411i 4500 | ||
|---|---|---|---|
| 001 | g 01001792 | ||
| 003 | DLC | ||
| 005 | 20260227111256.0 | ||
| 008 | 780125s1894 gw 001 0 cop | ||
| 010 | _ag 01001792 | ||
| 035 | _a(OCoLC)3579638 | ||
| 040 |
_aDLC _cPPStCh _dDLC |
||
| 042 | _apremarc | ||
| 050 | 0 | 0 |
_aPJ2033 _b.S7 |
| 100 | 1 |
_aSteindorff, Georg, _d1861-1951. |
|
| 245 | 1 | 0 |
_aKoptische grammatik mit chrestomathie, wörterverzeichnis und litteratur / _cvon Gerog Steindorff. |
| 260 |
_aBerlin, _bReuther und Reichard; _aNew York, _bB. Westermann & Co.; _c1894. |
||
| 300 |
_axviii, 220, 94 p. _c19 cm. |
||
| 490 | 0 |
_aPorta linguarum orientalium, _vpars 14 |
|
| 504 | _aBibliography: p. 212-220. | ||
| 650 | 0 |
_aCoptic language _xGrammar. |
|
| 650 | 0 |
_aCoptic language _vBibliography. |
|
| 999 |
_c23841 _d23841 |
||